| 000 | 00487cam a22001811a 4500 | ||
|---|---|---|---|
| 001 | 9416138 | ||
| 005 | 20240212002128.0 | ||
| 008 | 741010s1959 ii ac b 000 0 eng | ||
| 040 |
_aDLC _cVtU _dOCoLC _dWU _dDLC |
||
| 082 |
_222 _a307.72. _bLAX. |
||
| 100 | 1 | _aGowda, Laxmi Devi Male. | |
| 245 | 1 | 0 |
_aWhither rural India? / _cWith a foreword by K.M. Munshi. |
| 250 | _a[2d ed., rev. & enl.] | ||
| 260 |
_aBangalore, _c1959. |
||
| 300 | _axv, 526 p. : | ||
| 650 | 0 | _aAgriculture | |
| 942 | _cL | ||
| 999 |
_c366 _d366 |
||